Normal view
MARC view
- Mills, Kyle,
Entry Personal Name
001 - CONTROL NUMBER
- control field: 25162
003 - CONTROL NUMBER IDENTIFIER
- control field: NUST
005 - DATE AND TIME OF LATEST TRANSACTION
- control field: 20191105104348.0
008 - FIXED-LENGTH DATA ELEMENTS
- fixed length control field: 191105|| aca||aabn | a|a d
040 ## - CATALOGING SOURCE
- Original cataloging agency: NUST
- Transcribing agency: NUST
100 ## - HEADING--PERSONAL NAME
- Personal name: Mills, Kyle,
- Dates associated with a name: 1966-
670 ## - SOURCE DATA FOUND
- Source citation: Work cat.: (NUST)0: Mills, Kyle, 1966-, Fade /, 2005.
